| 000 | 01444cam a2200349 a 4500 | ||
|---|---|---|---|
| 001 | 14979964 | ||
| 003 | OSt | ||
| 005 | 20180116192416.0 | ||
| 008 | 070824s2008 ctua b 001 0 eng | ||
| 010 | _a 2007035548 | ||
| 020 | _a9780300100617 (pbk. : alk. paper) | ||
| 020 | _a0300100612 (pbk. : alk. paper) | ||
| 035 | _a(OCoLC)ocn167513621 | ||
| 035 | _a(OCoLC)167513621 | ||
| 040 |
_aDLC _cDLC _dDLC |
||
| 050 | 0 | 0 |
_aN66 _b.K8 2008 |
| 082 | 0 | 0 |
_a701.17 _222 |
| 100 | 1 |
_aKubler, George, _d1912-1996. _96732 |
|
| 245 | 1 | 4 |
_aThe shape of time : _bremarks on the history of things / _cGeorge Kubler. |
| 260 |
_aNew Haven [Conn.] : _bYale University Press, _c2008. |
||
| 300 |
_ax, 134 p. : _bill. ; _c21 cm. |
||
| 504 | _aIncludes bibliographical references (p. 121-128) and index. | ||
| 650 | 0 |
_aArt _xPhilosophy. _96733 |
|
| 650 | 0 |
_aArt _xHistoriography. _96734 |
|
| 856 | 4 | 1 |
_3Table of contents only _uhttp://www.loc.gov/catdir/toc/ecip0726/2007035548.html |
| 856 | 4 | 2 |
_3Contributor biographical information _uhttp://www.loc.gov/catdir/enhancements/fy0828/2007035548-b.html |
| 856 | 4 | 2 |
_3Publisher description _uhttp://www.loc.gov/catdir/enhancements/fy0828/2007035548-d.html |
| 906 |
_a7 _bcbc _corignew _d1 _eecip _f20 _gy-gencatlg |
||
| 942 |
_2ddc _cBK |
||
| 999 |
_c353745 _d353745 |
||